Süper Lig Top Goal Scorers - Statistics

General Stats
  • This quiz has been taken 96 times
  • The average score is 15 of 26
Answer Stats
Answer % Correct
Mauro Icardi
99%
Victor Osimhen
99%
Enner Valencia
96%
Alexander Sorloth
88%
Mario Gomez
83%
Bafétimbi Gomis
81%
Burak Yılmaz
79%
Mbaye Diagne
79%
Aaron Boupendza
77%
Alex
76%
Burak Yılmaz
74%
Alex
73%
Umut Bozok
69%
Vágner Love
68%
Milan Baros
62%
Semih Şentürk
62%
Fatih Tekke
53%
Aatif Chahechouhe
45%
Fernando
40%
Gökhan Ünal
24%
Ariza Makukula
23%
Arif Erdem
22%
İlhan Mansız
21%
Okan Yılmaz
13%
Okan Yılmaz
12%
Zafer Biryol
9%
No matching quizzes found
Score Distribution
Percent of People with Each Score
Percentile by Number Answered
Your Score History
You have not taken this quiz